LDR 01309nam a2200301 i 4500 001 000000241551 003 CaOOAMICUS 005 20260327090956.0 008 150505s1634 xx u000 u lat u 013 $a220456 026 $ar.ii o-s, m,us vicr (3) 1634 (R) 040 $aSeMil$bita 100 1 $aBellarmino, Roberto,$c
.$0(OLS)http://semarc/name/1158 245 13$aDe arte bene moriendi libri duo Roberti S.R.E. card. Bellarmini e Societate Iesu. 260 $aColoniae Agrippinae :$bApud Cornelium ab Egmond,$c1634. 300 $a[16], 252, [4] p. ;$c16°. 500 $aSegn.: A-R8 500 $aA carta A8v altra illustrazione calcogr. a piena pagina 500 $aA carta A2v ritratto calcogr. di Bellarmino 500 $aFront. calcogr. 700 1 $aEgmondt, Cornelius ab,$c
.$0(OLS)http://semarc/name/18702 850 $aSeMil 852 $aSeMil$W1$xVenegono$y1$m3F I 160 FA$j191897$B191897$CSeMilBibl$Z2$F202688 $8I 941 1 $a10 961 $aRecupero: Mantegazza
996 $6245$aDe arte bene moriendi libri duo Roberti S.R.E. card. Bellarmini e Societate Iesu$9(OLS)http://semarc/title/343305 996 $6260$aColoniae Agrippinae :$bApud Cornelium ab Egmond$9(OLS)http://semarc/publisher/54594